[Event "Titled Tuesday intern op 21st Jan Late"]
[Site "Chess.com INT"]
[Date "2025.01.21"]
[Round "2"]
[White "Cooklev, Steven"]
[Black "Lutz, Igor Oscar"]
[Result "1-0"]
[WhiteElo "2014"]
[BlackElo "1971"]
[PlyCount "71"]
[EventDate "2025.01.21"]
[EventType "swiss (blitz)"]
[EventRounds "11"]
[EventCountry "USA"]
[SourceTitle "CB05_2025"]
[SourceDate "2025.01.29"]
[SourceVersion "1"]
[SourceVersionDate "2025.01.29"]
[SourceQuality "1"]

1. e4 c5 2. Nf3 Nc6 3. Nc3 d6 4. d4 cxd4 5. Nxd4 Nf6 6. Bg5 e6 7. Qd2 Be7 8. 0-0-0 Nxd4 9. Qxd4 0-0 10. f4 Qa5 11. e5 dxe5 12. Qxe5 Qxe5 13. fxe5 Nd5 14. Bxe7 Nxe7 15. Bd3 a6 16. Rhe1 b5 17. Be4 Rb8 18. Rd6 Nf5 19. Bxf5 exf5 20. Nd5 a5 21. Re3 Be6 22. Nc7 Bc4 23. b3 Bf1 24. Rd2 b4 25. Rf2 Bb5 26. Rxf5 Bc6 27. g3 a4 28. e6 axb3 29. e7 bxa2 30. exf8Q+ Kxf8 31. Kb2 a1Q+ 32. Kxa1 g6 33. Ra5 Kg7 34. Kb2 Rb7 35. Nd5 Bxd5 36. Rxd5 1-0

[Event "Titled Tuesday intern op 21st Jan Late"]
[Site "Chess.com INT"]
[Date "2025.01.21"]
[Round "1"]
[White "Manvelyan, Mikayel"]
[Black "Cooklev, Steven"]
[Result "1-0"]
[WhiteElo "2258"]
[BlackElo "2014"]
[PlyCount "77"]
[EventDate "2025.01.21"]
[EventType "swiss (blitz)"]
[EventRounds "11"]
[EventCountry "USA"]
[SourceTitle "CB05_2025"]
[SourceDate "2025.01.29"]
[SourceVersion "1"]
[SourceVersionDate "2025.01.29"]
[SourceQuality "1"]

1. d4 Nf6 2. c4 e6 3. Nc3 Bb4 4. a3 Bxc3+ 5. bxc3 c5 6. f3 Nc6 7. e4 d6 8. Be3 b6 9. Bd3 Na5 10. Nh3 Ba6 11. Qe2 e5 12. d5 Qd7 13. a4 h6 14. 0-0 g5 15. Nf2 0-0-0 16. Kh1 Rdg8 17. g3 h5 18. h4 gxh4 19. gxh4 Rg3 20. Kh2 Rg6 21. Nh3 Nh7 22. Nf2 Rhg8 23. Rg1 Rxg1 24. Rxg1 Rxg1 25. Kxg1 Qe7 26. f4 exf4 27. Bxf4 Qxh4 28. Bxd6 Ng5 29. Qe3 Bxc4 30. Bg3 Nh3+ 31. Kg2 Qf6 32. Nxh3 Qxc3 33. Qf4 Kd7 34. Qxf7+ Kd8 35. d6 Bxf7 36. Bb5 Qd2+ 37. Nf2 Qg5 38. Nh3 Qf6 39. Nf4 1-0

[Event "Titled Tuesday intern op 14th Jan Early"]
[Site "Chess.com INT"]
[Date "2025.01.14"]
[Round "5"]
[White "Cooklev, Steven"]
[Black "Juhasz, Judit"]
[Result "1-0"]
[WhiteElo "2014"]
[BlackElo "2015"]
[PlyCount "43"]
[EventDate "2025.01.14"]
[EventType "swiss (blitz)"]
[EventRounds "11"]
[EventCountry "USA"]
[SourceTitle "CB04_2025"]
[SourceDate "2025.01.22"]
[SourceVersion "1"]
[SourceVersionDate "2025.01.22"]
[SourceQuality "1"]

1. e4 c5 2. Nf3 Nc6 3. Nc3 e5 4. Bc4 Be7 5. 0-0 Nf6 6. d3 0-0 7. Ng5 h6 8. f4 exf4 9. Nh3 f3 10. Qxf3 Ne5 11. Qg3 d6 12. Nf4 Nxc4 13. dxc4 Kh7 14. b3 Be6 15. Bb2 Qd7 16. Rad1 Ng4 17. Ncd5 Bxd5 18. Nxd5 Qe6 19. Nc7 Qg6 20. Nxa8 Rxa8 21. h3 Nf6 22. Qxg6+ 1-0

[Event "Titled Tuesday intern op 14th Jan Early"]
[Site "Chess.com INT"]
[Date "2025.01.14"]
[Round "1"]
[White "Cooklev, Steven"]
[Black "Starozhilov, Leonid"]
[Result "0-1"]
[WhiteElo "2014"]
[BlackElo "2276"]
[PlyCount "94"]
[EventDate "2025.01.14"]
[EventType "swiss (blitz)"]
[EventRounds "11"]
[EventCountry "USA"]
[SourceTitle "CB04_2025"]
[SourceDate "2025.01.22"]
[SourceVersion "1"]
[SourceVersionDate "2025.01.22"]
[SourceQuality "1"]

1. e4 c5 2. Nf3 e6 3. d4 cxd4 4. Nxd4 a6 5. Be2 Nf6 6. Nc3 Qc7 7. 0-0 Bc5 8. Nb3 Ba7 9. Bg5 Nc6 10. Kh1 h5 11. Qd3 Ng4 12. f4 Nb4 13. Qd2 Ne3 14. e5 Nbxc2 15. Ne4 Nxa1 16. Nd6+ Kf8 17. Rxa1 Ng4 18. Rc1 Nf2+ 19. Kg1 Nd3+ 20. Kf1 Nxc1 21. Nxc1 Bc5 22. Nb3 Bxd6 23. exd6 Qc6 24. Be7+ Kg8 25. Nd4 Qd5 26. Bf3 Qxa2 27. f5 Rh6 28. f6 Rxf6 29. Bxf6 gxf6 30. Nf5 exf5 31. Qe2 Qe6 32. Qd2 Kg7 33. Bxh5 b5 34. Bf3 Rb8 35. Bd5 Qe5 36. Qd3 Bb7 37. Bxb7 Rxb7 38. Qf3 Qe4 39. Qg3+ Qg4 40. Qe3 Rb8 41. h3 Qg5 42. Qe7 Rc8 43. Qxd7 Rc2 44. Qe7 Qc1+ 45. Qe1 Qxe1+ 46. Kxe1 Rc8 47. d7 Rd8 0-1

[Event "Titled Tuesday intern op 07th Jan Early"]
[Site "Chess.com INT"]
[Date "2025.01.07"]
[Round "2"]
[White "Petukhov, Alan"]
[Black "Cooklev, Steven"]
[Result "1-0"]
[WhiteElo "2325"]
[BlackElo "2014"]
[PlyCount "59"]
[EventDate "2025.01.07"]
[EventType "swiss (blitz)"]
[EventRounds "11"]
[EventCountry "USA"]
[SourceTitle "CB03_2025"]
[SourceDate "2025.01.15"]
[SourceVersion "1"]
[SourceVersionDate "2025.01.15"]
[SourceQuality "1"]

1. c4 e5 2. Nf3 Nc6 3. Nc3 Nf6 4. e3 Bb4 5. Qc2 0-0 6. Nd5 a5 7. Ng5 g6 8. h4 d6 9. a3 Bc5 10. b3 Bf5 11. Bd3 Bxd3 12. Qxd3 h6 13. Nxf6+ Qxf6 14. Ne4 Qe7 15. h5 g5 16. Ng3 e4 17. Qxe4 Qf6 18. Rb1 Rfe8 19. Qf5 Qxf5 20. Nxf5 Kh7 21. 0-0 Ne7 22. Ng3 Bb6 23. d4 c6 24. Bd2 d5 25. Rfc1 a4 26. bxa4 Ba5 27. Bxa5 Rxa5 28. Rxb7 Rxa4 29. cxd5 cxd5 30. Rcc7 1-0

[Event "Titled Tuesday intern op 26th Nov Late"]
[Site "Chess.com INT"]
[Date "2024.11.26"]
[Round "3"]
[White "Cooklev, Steven"]
[Black "Skytte, Rasmus"]
[Result "1-0"]
[WhiteElo "2014"]
[BlackElo "2359"]
[PlyCount "63"]
[EventDate "2024.11.26"]
[EventType "swiss (blitz)"]
[EventRounds "11"]
[EventCountry "USA"]
[SourceTitle "CB49_2024"]
[SourceDate "2024.12.04"]
[SourceVersion "1"]
[SourceVersionDate "2024.12.04"]
[SourceQuality "1"]

1. e4 c5 2. Nf3 Nc6 3. Nc3 g6 4. d4 cxd4 5. Nxd4 Bg7 6. Be3 Nf6 7. Bc4 0-0 8. Bb3 Qa5 9. 0-0 d6 10. h3 Bd7 11. Qd2 Rac8 12. Rad1 Ne5 13. Nd5 Qd8 14. Nxf6+ Bxf6 15. Bh6 Re8 16. f4 Nc4 17. Qe2 Nxb2 18. e5 dxe5 19. fxe5 Nxd1 20. exf6 Nc3 21. Bxf7+ Kxf7 22. fxe7+ Kg8 23. Rf8+ Rxf8 24. Qe5 Ne2+ 25. Kh2 Rf7 26. exd8Q+ Rxd8 27. Qxe2 Bc6 28. Nxc6 bxc6 29. Qc4 Rdd7 30. Qxc6 Rc7 31. Qe8+ Rf8 32. Qxf8# 1-0

[Event "Titled Tuesday intern op 26th Nov Late"]
[Site "Chess.com INT"]
[Date "2024.11.26"]
[Round "8"]
[White "Meduri, Aakaash"]
[Black "Cooklev, Steven"]
[Result "1-0"]
[WhiteElo "2049"]
[BlackElo "2014"]
[PlyCount "137"]
[EventDate "2024.11.26"]
[EventType "swiss (blitz)"]
[EventRounds "11"]
[EventCountry "USA"]
[SourceTitle "CB49_2024"]
[SourceDate "2024.12.04"]
[SourceVersion "1"]
[SourceVersionDate "2024.12.04"]
[SourceQuality "1"]

1. d4 Nf6 2. Bg5 Ne4 3. h4 d5 4. Nf3 c5 5. e3 Qb6 6. Nc3 Nxc3 7. bxc3 Qa5 8. Qd2 c4 9. Be2 Nc6 10. 0-0 e6 11. a4 h6 12. Bf4 Be7 13. Rfb1 a6 14. h5 0-0 15. Nh2 Qd8 16. e4 Bg5 17. Bxg5 Qxg5 18. f4 Qg3 19. e5 f6 20. Rf1 fxe5 21. fxe5 Bd7 22. Bg4 Rxf1+ 23. Rxf1 Rf8 24. Rxf8+ Kxf8 25. Bh3 Ke7 26. Nf3 Be8 27. Nh2 Bxh5 28. Nf1 Qg5 29. Qe1 Bg4 30. Bxg4 Qxg4 31. Qb1 Nd8 32. Qb6 Qg5 33. Qd6+ Ke8 34. Qc7 h5 35. Kh2 h4 36. Kh3 Qf5+ 37. Kxh4 Qxf1 38. g4 Qf2+ 39. Kg5 Nf7+ 40. Kg6 Nd8 41. Qxg7 Qf7+ 42. Qxf7+ Nxf7 43. Kf6 Nd8 44. g5 Kf8 45. g6 b6 46. g7+ Kg8 47. Ke7 Kxg7 48. Kxd8 Kg6 49. Kd7 Kf5 50. Kd6 b5 51. axb5 axb5 52. Kc5 Ke4 53. Kxb5 Ke3 54. Kc6 Kd2 55. Kd6 Kxc2 56. Kxe6 Kxc3 57. Kxd5 Kd3 58. e6 c3 59. e7 c2 60. e8Q c1Q 61. Qe4+ Kc3 62. Qf3+ Kb4 63. Ke5 Qc7+ 64. Ke6 Qc8+ 65. Ke5 Qc7+ 66. Kf5 Qd7+ 67. Ke4 Qe6+ 68. Kf4 Qd6+ 69. Ke3 1-0

[Event "Titled Tuesday intern op 16th Jul Late"]
[Site "Chess.com INT"]
[Date "2024.07.16"]
[Round "6"]
[White "Herrera, Juan Sebastian"]
[Black "Cooklev, Steven"]
[Result "0-1"]
[WhiteElo "2217"]
[BlackElo "2014"]
[PlyCount "76"]
[EventDate "2024.07.16"]
[EventType "swiss (blitz)"]
[EventRounds "11"]
[EventCountry "USA"]
[SourceTitle "EXT 2025"]
[Source "ChessBase"]
[SourceDate "2024.10.14"]
[SourceVersion "1"]
[SourceVersionDate "2024.10.14"]
[SourceQuality "1"]

1. e4 e5 2. Nf3 Nc6 3. Bc4 Nf6 4. d3 Be7 5. c3 0-0 6. Bb3 d6 7. Nbd2 Be6 8. Bc2 h6 9. h3 d5 10. Qe2 a5 11. g4 d4 12. g5 Nh5 13. Nf1 g6 14. gxh6 b5 15. Rg1 Kh7 16. Bg5 dxc3 17. bxc3 b4 18. Bxe7 Qxe7 19. Ng5+ Kh8 20. cxb4 Nd4 21. Qd1 Qxb4+ 22. Nd2 Qb2 23. Rc1 Nf4 24. Nb3 Rad8 25. Nxd4 Rxd4 26. Kf1 c5 27. Nf3 Rd6 28. Rg5 f6 29. Rg3 Bxh3+ 30. Kg1 Be6 31. Nh4 g5 32. Nf5 Bxf5 33. exf5 Qxc1 34. Qxc1 Ne2+ 35. Kf1 Nxc1 36. d4 cxd4 37. Rb3 Nxb3 38. Bxb3 Rb8 0-1

[Event "Titled Tuesday intern op 18th Jun Late"]
[Site "Chess.com INT"]
[Date "2024.06.18"]
[Round "5"]
[White "Cooklev, Steven"]
[Black "Jorajuria Mendoza, Algol"]
[Result "1-0"]
[WhiteElo "2014"]
[BlackElo "2082"]
[PlyCount "99"]
[EventDate "2024.06.18"]
[EventType "swiss (blitz)"]
[EventRounds "11"]
[EventCountry "USA"]
[SourceTitle "EXT 2025"]
[Source "ChessBase"]
[SourceDate "2024.10.14"]
[SourceVersion "1"]
[SourceVersionDate "2024.10.14"]
[SourceQuality "1"]

1. e4 e5 2. Bc4 Nc6 3. Nc3 Bc5 4. Qg4 g6 5. Qf3 Nf6 6. Nge2 d6 7. d3 Bg4 8. Qg3 Qd7 9. Bg5 Nh5 10. Qh4 h6 11. f3 Be6 12. Bd2 Ng7 13. Nd5 Bxd5 14. Bxd5 Ne7 15. Qf6 Nxd5 16. Qxg7 Ke7 17. Bxh6 Rag8 18. Bg5+ Ke8 19. Qxg8+ Rxg8 20. exd5 c6 21. dxc6 bxc6 22. 0-0-0 Qe6 23. Kb1 f6 24. Bd2 Kf7 25. Bc3 d5 26. d4 Bd6 27. Rhe1 c5 28. dxe5 Bxe5 29. Nf4 Qc6 30. Nxd5 Rd8 31. Bxe5 Rxd5 32. Bc3 Rxd1+ 33. Rxd1 g5 34. h3 Qc7 35. b3 Kg6 36. Rd2 Kf5 37. Kb2 Qc6 38. Re2 Kf4 39. Re4+ Kf5 40. Rc4 Qd5 41. Ra4 Qd7 42. Ra5 Kf4 43. Rxc5 Kg3 44. Bxf6 Kxg2 45. Rxg5+ Kxf3 46. Rc5 Ke4 47. h4 Qe6 48. Bc3 Qd6 49. Re5+ Qxe5 50. Bxe5 1-0

[Event "Titled Tuesday intern op 18th Jun Late"]
[Site "Chess.com INT"]
[Date "2024.06.18"]
[Round "8"]
[White "Cooklev, Steven"]
[Black "Zepeda Berlanga, Jan Enrique"]
[Result "0-1"]
[WhiteElo "2014"]
[BlackElo "1939"]
[PlyCount "94"]
[EventDate "2024.06.18"]
[EventType "swiss (blitz)"]
[EventRounds "11"]
[EventCountry "USA"]
[SourceTitle "EXT 2025"]
[Source "ChessBase"]
[SourceDate "2024.10.14"]
[SourceVersion "1"]
[SourceVersionDate "2024.10.14"]
[SourceQuality "1"]

1. e4 c5 2. Nf3 d6 3. d4 cxd4 4. Nxd4 Nf6 5. Nc3 Nc6 6. Bg5 e6 7. Qd2 a6 8. 0-0-0 Bd7 9. f4 Be7 10. Nf3 b5 11. Bd3 Qb6 12. Kb1 0-0-0 13. Bh4 d5 14. e5 Ng4 15. Bxe7 Nxe7 16. Ng5 Be8 17. Rde1 h6 18. Nf3 b4 19. Ne2 Nf2 20. Rhf1 Ne4 21. Qc1 Kb8 22. Ned4 Rc8 23. Bxe4 dxe4 24. Rxe4 Nd5 25. Qd2 Nc3+ 26. bxc3 bxc3+ 27. Nb3 cxd2 28. Nfxd2 Bc6 29. Nc4 Qb5 30. Rd4 Bd5 31. a4 Qb4 32. Nd6 Qa3 33. Rd3 Bc4 34. Nxc4 Rxc4 35. Na5 Qb4+ 36. Rb3 Qxb3+ 37. Nxb3 Rhc8 38. g3 Rxc2 39. Rd1 Rxh2 40. Rd7 h5 41. Rxf7 Rc7 42. Rf8+ Ka7 43. Re8 Rb7 44. Rxe6 Rxb3+ 45. Kc1 Rxg3 46. Re7+ Kb6 47. e6 Rg1# 0-1

[Event "Titled Tuesday intern op 11th Jun Late"]
[Site "Chess.com INT"]
[Date "2024.06.11"]
[Round "3"]
[White "Cooklev, Steven"]
[Black "Miszler, Levente"]
[Result "0-1"]
[WhiteElo "2014"]
[BlackElo "2288"]
[PlyCount "78"]
[EventDate "2024.06.11"]
[EventType "swiss (blitz)"]
[EventRounds "11"]
[EventCountry "USA"]
[SourceTitle "EXT 2025"]
[Source "ChessBase"]
[SourceDate "2024.10.14"]
[SourceVersion "1"]
[SourceVersionDate "2024.10.14"]
[SourceQuality "1"]

1. e4 c5 2. Nf3 d6 3. d4 cxd4 4. Nxd4 Nf6 5. Nc3 a6 6. Be2 e6 7. 0-0 Be7 8. f4 0-0 9. a4 Nc6 10. Be3 d5 11. e5 Nd7 12. Kh1 Bc5 13. Nxc6 bxc6 14. Bxc5 Nxc5 15. Qd4 Qe7 16. Rae1 Rb8 17. b3 a5 18. Nd1 Rb4 19. Qd2 Ba6 20. Nf2 Bxe2 21. Qxe2 Rxf4 22. Qe3 Rb4 23. Nh3 Ne4 24. Nf4 Qg5 25. Nd3 Qxe3 26. Rxe3 Rb7 27. Kg1 c5 28. Rxe4 dxe4 29. Nxc5 Rc7 30. Nxe4 Rxc2 31. h4 Rb2 32. Rf3 Rb8 33. Nc5 h6 34. h5 Rc8 35. Ne4 Rc1+ 36. Kh2 Re1 37. Nd6 Rxe5 38. Nxf7 Rxh5+ 39. Kg3 Rf5 0-1

[Event "Titled Tuesday intern op 11th Jun Late"]
[Site "Chess.com INT"]
[Date "2024.06.11"]
[Round "7"]
[White "Weihrauch, Jakob"]
[Black "Cooklev, Steven"]
[Result "1-0"]
[WhiteElo "2272"]
[BlackElo "2014"]
[PlyCount "87"]
[EventDate "2024.06.11"]
[EventType "swiss (blitz)"]
[EventRounds "11"]
[EventCountry "USA"]
[SourceTitle "EXT 2025"]
[Source "ChessBase"]
[SourceDate "2024.10.14"]
[SourceVersion "1"]
[SourceVersionDate "2024.10.14"]
[SourceQuality "1"]

1. d4 Nf6 2. Nc3 d5 3. Bf4 c5 4. e3 cxd4 5. exd4 a6 6. Nf3 Nc6 7. Ne5 Bd7 8. Nxd7 Qxd7 9. Be2 e6 10. 0-0 Bd6 11. Bg5 0-0 12. Bxf6 gxf6 13. Bd3 f5 14. Qh5 Kh8 15. Nxd5 Qd8 16. Qh6 Bxh2+ 17. Kxh2 Qxd5 18. Qf6+ Kg8 19. c3 Qd6+ 20. f4 Qe7 21. Qxe7 Nxe7 22. Rf3 Rfd8 23. Kg3 Kg7 24. Rh1 Rh8 25. Kf2 Ng6 26. a4 h5 27. b4 h4 28. c4 Rhd8 29. Ke3 Rd7 30. Rd1 Rad8 31. Bc2 b6 32. c5 bxc5 33. bxc5 a5 34. Bb3 Ne7 35. Bc4 Nd5+ 36. Bxd5 Rxd5 37. Rh3 Rxc5 38. dxc5 Rxd1 39. Rxh4 Rc1 40. Kd4 Rd1+ 41. Kc4 Rb1 42. c6 Kf8 43. Rh3 Rb8 44. Rd3 1-0

[Event "Titled Tuesday intern op 21st May Late"]
[Site "Chess.com INT"]
[Date "2024.05.21"]
[Round "4"]
[White "Lutz, Igor Oscar"]
[Black "Cooklev, Steven"]
[Result "1-0"]
[WhiteElo "1971"]
[BlackElo "2014"]
[PlyCount "79"]
[EventDate "2024.05.21"]
[EventType "swiss (blitz)"]
[EventRounds "11"]
[EventCountry "USA"]
[SourceTitle "CBM 220 Extra"]
[Source "ChessBase"]
[SourceDate "2024.07.31"]
[SourceVersion "1"]
[SourceVersionDate "2024.07.31"]
[SourceQuality "1"]

1. d4 d5 2. c4 dxc4 3. Nf3 a6 4. g3 b5 5. Bg2 Bb7 6. 0-0 e6 7. Nc3 Nd7 8. Qc2 Ngf6 9. e4 b4 10. e5 bxc3 11. exf6 Nxf6 12. Qxc3 Bd5 13. Bg5 Rb8 14. Rfd1 Ne4 15. Qc1 Nxg5 16. Nxg5 Be7 17. Nf3 0-0 18. Rb1 Qd7 19. Ne5 Qa4 20. a3 f6 21. Bxd5 exd5 22. Ng4 Bd6 23. Re1 Rfe8 24. Qd2 Qd7 25. Ne3 c6 26. Qc2 g6 27. Qd1 f5 28. h4 f4 29. Ng4 fxg3 30. Nf6+ Kg7 31. Nxd7 gxf2+ 32. Kxf2 Rbd8 33. Rxe8 Rxe8 34. Ne5 Rf8+ 35. Kg2 Rf4 36. h5 c5 37. hxg6 Rxd4 38. Qf1 hxg6 39. Qf7+ Kh6 40. Qxg6# 1-0

[Event "Titled Tuesday intern op 21st May Late"]
[Site "Chess.com INT"]
[Date "2024.05.21"]
[Round "10"]
[White "Rohwer, Paul"]
[Black "Cooklev, Steven"]
[Result "0-1"]
[WhiteElo "2225"]
[BlackElo "2014"]
[PlyCount "80"]
[EventDate "2024.05.21"]
[EventType "swiss (blitz)"]
[EventRounds "11"]
[EventCountry "USA"]
[SourceTitle "CBM 220 Extra"]
[Source "ChessBase"]
[SourceDate "2024.07.31"]
[SourceVersion "1"]
[SourceVersionDate "2024.07.31"]
[SourceQuality "1"]

1. e4 e5 2. Nf3 Nc6 3. Bb5 f5 4. d3 fxe4 5. dxe4 Nf6 6. Qe2 Bc5 7. 0-0 Nd4 8. Nxd4 Bxd4 9. c3 Bb6 10. a4 0-0 11. a5 Bc5 12. b4 Be7 13. Bc4+ Kh8 14. Nd2 d6 15. h3 Qe8 16. Nb3 Qg6 17. Bd3 Bxh3 18. Qf3 Bg4 19. Qe3 Nh5 20. f3 Be6 21. Qf2 Bxb3 22. c4 d5 23. cxd5 Bxd5 24. Be3 Be6 25. Rfc1 c6 26. b5 Bd7 27. a6 bxa6 28. Rxa6 Nf4 29. Bxf4 Rxf4 30. bxc6 Bc8 31. Rxa7 Rxa7 32. Qxa7 Qe8 33. Bb5 Qf8 34. c7 h5 35. Ba6 Bxa6 36. Qxa6 Bc5+ 37. Kf1 Rxf3+ 38. gxf3 Qxf3+ 39. Ke1 Bb4+ 40. Rc3 Bxc3# 0-1

[Event "Titled Tuesday intern op 21st May Late"]
[Site "Chess.com INT"]
[Date "2024.05.21"]
[Round "5"]
[White "Winkels, Marcel"]
[Black "Cooklev, Steven"]
[Result "0-1"]
[WhiteElo "1924"]
[BlackElo "2014"]
[PlyCount "102"]
[EventDate "2024.05.21"]
[EventType "swiss (blitz)"]
[EventRounds "11"]
[EventCountry "USA"]
[SourceTitle "CBM 220 Extra"]
[Source "ChessBase"]
[SourceDate "2024.07.31"]
[SourceVersion "1"]
[SourceVersionDate "2024.07.31"]
[SourceQuality "1"]

1. e4 e5 2. Nf3 Nc6 3. Bc4 Nf6 4. d4 exd4 5. 0-0 Nxe4 6. Re1 d5 7. Bxd5 Qxd5 8. Nc3 Qd7 9. Nxe4 Be7 10. h3 0-0 11. Nfg5 h6 12. Nf3 f5 13. Ng3 Bd6 14. Bd2 Bxg3 15. fxg3 Qd5 16. Qe2 Bd7 17. Rad1 Rae8 18. Qd3 Rxe1+ 19. Bxe1 Qxa2 20. b3 Be6 21. Nxd4 Rd8 22. Bc3 Nxd4 23. Bxd4 c5 24. Ra1 Qxa1+ 25. Bxa1 Rxd3 26. cxd3 Bxb3 27. Kf2 Bd5 28. g4 fxg4 29. hxg4 Kf7 30. g3 b5 31. Ke3 Be6 32. Kf4 b4 33. g5 hxg5+ 34. Kxg5 a5 35. Kf4 a4 36. Ke5 a3 37. d4 cxd4 38. Kxd4 b3 39. Kc3 b2 40. Bxb2 axb2 41. Kxb2 Kg6 42. Kc3 Kg5 43. Kd2 Kg4 44. Ke3 Kxg3 45. Ke4 g5 46. Ke5 g4 47. Kxe6 Kf3 48. Kf5 g3 49. Ke5 g2 50. Kd4 g1Q+ 51. Kd5 Qe3 0-1

[Event "Titled Tuesday intern op 07th May Late"]
[Site "Chess.com INT"]
[Date "2024.05.07"]
[Round "1"]
[White "Pinero Rodriguez, Carlos Jose"]
[Black "Cooklev, Steven"]
[Result "1-0"]
[WhiteElo "2288"]
[BlackElo "2014"]
[PlyCount "81"]
[EventDate "2024.05.07"]
[EventType "swiss (blitz)"]
[EventRounds "11"]
[EventCountry "USA"]
[SourceTitle "EXT 2025"]
[Source "ChessBase"]
[SourceDate "2024.10.14"]
[SourceVersion "1"]
[SourceVersionDate "2024.10.14"]
[SourceQuality "1"]

1. e4 e5 2. Nf3 Nc6 3. Bb5 f5 4. d3 fxe4 5. dxe4 Nf6 6. Qe2 Bc5 7. c3 d6 8. Bc4 Qe7 9. Bg5 Be6 10. Nbd2 0-0 11. Bxf6 Rxf6 12. Bxe6+ Qxe6 13. Qc4 Qxc4 14. Nxc4 Rf4 15. Ncd2 a5 16. Ke2 h6 17. a4 Kf7 18. h4 Ke6 19. g3 Rf7 20. Raf1 Raf8 21. Rh2 Ne7 22. Ne1 c6 23. Nd3 Bb6 24. f4 exf4 25. gxf4 d5 26. f5+ Kd6 27. Nf4 Kd7 28. Ne6 Rg8 29. exd5 cxd5 30. Rg2 Rxf5 31. Nxg7 Rxf1 32. Kxf1 d4 33. Nc4 Bc5 34. Nh5 Rxg2 35. Kxg2 dxc3 36. bxc3 b6 37. Nf6+ Ke6 38. Ng4 Nf5 39. h5 Kd5 40. Nd2 Ne3+ 41. Kf3 1-0